|
|
|
|
| LEADER |
01116nam a2200277 a 4500 |
| 001 |
2941463 |
| 008 |
091102s1990 cau b 000 0 eng d |
| 010 |
|
|
|a 90004247
|
| 020 |
|
|
|a 1558150838
|
| 040 |
|
|
|a DLC
|c DLC
|d DLC
|
| 082 |
0 |
0 |
|a 338.95
|2 20
|
| 100 |
1 |
|
|a Naya, Seiji.
|
| 245 |
1 |
0 |
|a Private sector development and enterprise reforms in growing Asian economies /
|c Seiji Naya.
|
| 260 |
|
|
|a San Francisco, Calif. :
|b ICS Press,
|c c1990.
|
| 300 |
|
|
|a xi, 107 p. ;
|c 23 cm.
|
| 490 |
0 |
|
|a Sector studies ;
|v no. 3
|
| 500 |
|
|
|a "An International Center for Economic Growth publication."
|
| 504 |
|
|
|a Includes bibliographical references (p. 103-107).
|
| 541 |
1 |
|
|e 00007253
|
| 650 |
|
0 |
|a Industrial policy
|z Asia.
|
| 650 |
|
0 |
|a Business enterprises
|z Asia.
|
| 650 |
|
0 |
|a Government business enterprises
|z Asia.
|
| 650 |
|
0 |
|a Privatization
|z Asia.
|
| 852 |
4 |
|
|a Ayesha Abed Library
|j General Shelf
|
| 999 |
|
|
|c 5628
|d 5628
|
| 952 |
|
|
|0 0
|1 0
|2 ddc
|4 0
|6 338_950000000000000_NAY_1990
|7 0
|9 5530
|a BRACUL
|b BRACUL
|c GEN
|d 2009-11-19
|g 0.00
|l 0
|o 338.95 NAY
|p 3010007253
|r 2009-11-19
|t 1
|w 2009-11-19
|y BK
|x No price found in the accession register.
|